Central Library OPAC University of Rajshahi

Nuclear magnetic resonance : (Record no. 11488)

MARC details
000 -LEADER
fixed length control field 00847nam a2200265 a 4500
001 - CONTROL NUMBER
control field 11488
003 - CONTROL NUMBER IDENTIFIER
rucl marc code BD-RjUL
005 - DATE AND TIME OF LATEST TRANSACTION
control field 20211208235132.0
008 - FIXED-LENGTH DATA ELEMENTS--GENERAL INFORMATION
fixed length control field 140126s1959 nyua b 001 0 eng
035 ## - SYSTEM CONTROL NUMBER
System control number (BD-RjUL)11537
040 ## - CATALOGING SOURCE
Original cataloging agency DLC/ICU
Transcribing agency CGU
Modifying agency BD-RjUL
Language of cataloging eng
041 ## - LANGUAGE CODE
Language code of text/sound track or separate title eng
082 00 - DEWEY DECIMAL CLASSIFICATION NUMBER
Classification number 547.1378
Author mark and year RON 1959
100 1# - MAIN ENTRY--PERSONAL NAME
Personal name Roberts, John D.,
Dates associated with a name 1918-
9 (RLIN) 32169
245 10 - TITLE STATEMENT
Title Nuclear magnetic resonance :
Remainder of title applications to organic chemistry /
Statement of responsibility, etc. John D. Roberts.
260 ## - PUBLICATION, DISTRIBUTION, ETC. (IMPRINT)
Place of publication, distribution, etc. New York ;
-- London :
Name of publisher, distributor, etc. McGraw-Hill,
Date of publication, distribution, etc. c1959.
300 ## - PHYSICAL DESCRIPTION
Pagination viii, 118 p. :
Illustrations ill. ;
Size 24 cm.
504 ## - BIBLIOGRAPHY, ETC. NOTE
Bibliography, etc Includes bibliography and index.
650 #0 - SUBJECT ADDED ENTRY--TOPICAL TERM
Topical term or geographic name as entry element Chemistry, Organic.
9 (RLIN) 35520
Topical term or geographic name as entry element Nuclear magnetic resonance.
9 (RLIN) 35521
830 #0 - SERIES ADDED ENTRY--UNIFORM TITLE
Uniform title McGraw-Hill series in advanced chemistry.
942 ## - ADDED ENTRY ELEMENTS (KOHA)
Source of classification or shelving scheme Dewey Decimal Classification
Koha item type Books
Holdings
Lost status Source of classification or shelving scheme Damaged status Not for loan Collection code Permanent Location Current Location Shelving location Date acquired Source of acquisition Cost, normal purchase price Total Checkouts Full call number Date last seen Copy number Koha item type
  Dewey Decimal Classification     Non-fiction Central Library, University of Rajshahi Central Library, University of Rajshahi   27/11/1965 Zeitlinger 52.00   547.1378 RON 1959 26/01/2014 C-2 Books